000 00484nam a22001097a 4500
008 150625b xxu||||| |||| 00| 0 eng d
010 _8HCCRS ARF:007
245 _aHIGH COURT CRIMINAL SESSION NO.481 OF 1970 Uganda Vs Sosperi Kamonyo
260 _aHigh Court Kampala
500 _3(Original criminal case no. MMA.1204 of 1969 of the Chief Magistrate's Court of Masaka at Masaka. Before-His Worship N.M.Patel , Esq.,Mag:Grd.1.)
500 _3BEFORE:The Honourable Mr.Justice S.W.W. Wambuzi
999 _c6739
_d6739